Statistics for Countries Bordering Unknown Sea #1

Click here to take the quiz!

General Stats

  • This quiz has been taken 693 times
  • The average score is 7 of 7

Answer Stats

Country% Correct
AAlbania
98%
IItaly
98%
BBosnia and Herzegovina
97%
CCroatia
97%
MMontenegro
96%
SSlovenia
95%
Adriatic Sea
87%

Score Distribution

Percentile by Number Answered

Percent of People with Each Score

Your Score History

You have not taken this quiz